Central Library OPAC University of Rajshahi

Islamic reassertion in Pakistan : (Record no. 56773)

MARC details
000 -LEADER
fixed length control field 00868nam a2200253 a 4500
001 - CONTROL NUMBER
control field 56773
003 - CONTROL NUMBER IDENTIFIER
rucl marc code BD-RjUL
005 - DATE AND TIME OF LATEST TRANSACTION
control field 20211209080430.0
008 - FIXED-LENGTH DATA ELEMENTS--GENERAL INFORMATION
fixed length control field 161204s1987 pk 001 0 eng d
035 ## - SYSTEM CONTROL NUMBER
System control number (BD-RjUL)56897
040 ## - CATALOGING SOURCE
Original cataloging agency BD-RjUL
Language of cataloging eng
Transcribing agency BD-RjUL
Modifying agency BD-RjUL
041 ## - LANGUAGE CODE
Language code of text/sound track or separate title eng
082 ## - DEWEY DECIMAL CLASSIFICATION NUMBER
Classification number 305.697105491
Edition number 23
Author mark and year ISL 1987
245 00 - TITLE STATEMENT
Title Islamic reassertion in Pakistan :
Remainder of title the application of Islamic laws in a modern state /
Statement of responsibility, etc. Anita M. Weiss, editor ; foreword by John L. Esposito
260 ## - PUBLICATION, DISTRIBUTION, ETC. (IMPRINT)
Place of publication, distribution, etc. Lahore :
Name of publisher, distributor, etc. Vanguard,
Date of publication, distribution, etc. 1987.
300 ## - PHYSICAL DESCRIPTION
Pagination xviii, 146 p. :
Illustrations ill ;
Size 23 cm.
500 ## - GENERAL NOTE
General note Includes index
650 #0 - SUBJECT ADDED ENTRY--TOPICAL TERM
Topical term or geographic name as entry element Islam and state
Geographic subdivision Pakistan
9 (RLIN) 129542
Topical term or geographic name as entry element Islamic law
Geographic subdivision Pakistan
9 (RLIN) 166124
651 #0 - SUBJECT ADDED ENTRY--GEOGRAPHIC NAME
Geographic name Pakistan
General subdivision Politics and government
Chronological subdivision 1971-1988
9 (RLIN) 168831
700 1# - ADDED ENTRY--PERSONAL NAME
Personal name Weiss, Anita M.
Personal name Esposito, John L.
942 ## - ADDED ENTRY ELEMENTS (KOHA)
Source of classification or shelving scheme Dewey Decimal Classification
Koha item type Books
Holdings
Lost status Source of classification or shelving scheme Damaged status Not for loan Collection code Permanent Location Current Location Shelving location Date acquired Source of acquisition Cost, normal purchase price Total Checkouts Full call number Date last seen Copy number Koha item type
  Dewey Decimal Classification     Non-fiction Central Library, University of Rajshahi Central Library, University of Rajshahi Reading Room 06/10/1988 University Press L.,Dhaka 825.00   305.697105491 ISL 1987 04/12/2016 C-1 Books